[Event "CZE-chT2f 0607"]
[Site "Czech Republic"]
[Date "2007.04.15"]
[Round "11.6"]
[White "Pecha, Tomas"]
[Black "Lukas, Dalibor"]
[Result "1-0"]
[WhiteElo "2035"]
[BlackElo "1000"]
[PlyCount "71"]
[EventDate "2006.10.14"]
[EventType "team"]
[EventRounds "11"]
[EventCountry "CZE"]
[SourceTitle "EXT 2009"]
[Source "ChessBase"]
[SourceDate "2008.11.26"]
[SourceVersion "1"]
[SourceVersionDate "2008.11.26"]
[SourceQuality "1"]

1. e4 c5 2. Nf3 d6 3. d4 cxd4 4. Nxd4 Nf6 5. Nc3 e6 6. Be2 a6 7. 0-0 Be7 8. f4 Nc6 9. Be3 0-0 10. Kh1 Nxd4 11. Bxd4 b5 12. Bf3 Bb7 13. g4 b4 14. g5 bxc3 15. gxf6 Bxf6 16. bxc3 e5 17. Rb1 Qc7 18. Bg1 Rab8 19. f5 Ba8 20. Qd3 a5 21. Rbd1 Rfd8 22. Be3 Bc6 23. Rg1 Rb2 24. Bh6 Kh8 25. Qd2 g6 26. Bg5 Qe7 27. fxg6 fxg6 28. Be3 Rxa2 29. c4 Qf7 30. Qd3 a4 31. Rgf1 Qe6 32. Bg2 Bb7 33. Bb6 Rd7 34. Bh3 Bxe4+ 35. Qxe4 Qxh3 36. Rxf6 1-0

[Event "CZE-chT2f 0607"]
[Site "Czech Republic"]
[Date "2006.12.17"]
[Round "5.8"]
[White "Slawinski, Petr"]
[Black "Lukas, Dalibor"]
[Result "1-0"]
[WhiteElo "2156"]
[BlackElo "1000"]
[PlyCount "81"]
[EventDate "2006.10.14"]
[EventType "team"]
[EventRounds "11"]
[EventCountry "CZE"]
[SourceTitle "EXT 2009"]
[Source "ChessBase"]
[SourceDate "2008.11.26"]
[SourceVersion "1"]
[SourceVersionDate "2008.11.26"]
[SourceQuality "1"]

1. e4 c5 2. Nf3 d6 3. d4 cxd4 4. Nxd4 Nf6 5. Nc3 e6 6. Be3 a6 7. Qd2 Be7 8. f3 Nc6 9. 0-0-0 Qc7 10. g4 b5 11. h4 Bb7 12. h5 Nxd4 13. Qxd4 e5 14. Qd2 Bc6 15. g5 Nd7 16. Rg1 g6 17. Bh3 Nb6 18. b3 a5 19. Nd5 Nxd5 20. exd5 Bd7 21. Bxd7+ Qxd7 22. f4 exf4 23. Bd4 Rg8 24. Rde1 Kf8 25. h6 a4 26. Bg7+ Rxg7 27. hxg7+ Kxg7 28. Qxf4 axb3 29. Qd4+ Kg8 30. axb3 Qd8 31. Qf4 Ra1+ 32. Kd2 Rxe1 33. Kxe1 f6 34. gxf6 Bxf6 35. Rf1 Kg7 36. Kd1 Qe7 37. Qb4 Qd7 38. Qe4 Qe7 39. Qd3 Qd7 40. Qf3 Be5 41. Qf8# 1-0